Phycology (Record no. 36986)

MARC details
000 -LEADER
fixed length control field 00296nam a2200121Ia 4500
082 ## - DEWEY DECIMAL CLASSIFICATION NUMBER
Classification number 582.26
Item number LEE
100 ## - MAIN ENTRY--AUTHOR NAME
Personal name Lee, Robert Edward
245 #0 - TITLE STATEMENT
Title Phycology
260 ## - PUBLICATION, DISTRIBUTION, ETC. (IMPRINT)
Place of publication Cambridge
Name of publisher Cambridge University
Year of publication 1980
650 ## - SUBJECT ADDED ENTRY--TOPICAL TERM
Topical Term Phycology
942 ## - ADDED ENTRY ELEMENTS (KOHA)
Koha item type Books
Holdings
Withdrawn status Lost status Damaged status Not for loan Home library Current library Date acquired Full call number Accession Number Koha item type
        RRII Library RRII Library 16/12/2021 582.26 LEE 17378 Books